Territoires Britannique d'Outre-Mer (Mort subite) - Statistiques

Statistiques générales
  • Ce quiz a été pris 92 fois
  • Le résultat moyen est 8 sur 12
Answers on the Grid
Answers color-coded by a green-red scale on the quiz's grid according to % correct below.
Anguilla
Bermudes
Iles Caïmans
Gibraltar
Iles Vierges Britanniques
Iles Malouines
Montserrat
Iles Pictairn
Sainte-Hélène, Ascension et Tristan da Cunha
Iles Turques-et-Caïques
Géorgie du Sud-et-les Îles Sandwich du Sud
Akrotiri et Dhekelia
Bahamas
Guam
Iles Marshall
Antigua-et-Barbuda
Dominique
Niue
Iles Mariannes du Nord
Ile de Paques
 
Statistiques - réponses
Réponse % Correct
Iles Vierges Britanniques
79%
Gibraltar
76%
Iles Malouines
76%
Bermudes
71%
Géorgie du Sud-et-les Îles Sandwich du Sud
69%
Iles Turques-et-Caïques
68%
Iles Caïmans
67%
Sainte-Hélène, Ascension et Tristan da Cunha
64%
Iles Pictairn
63%
Montserrat
63%
Anguilla
58%
Akrotiri et Dhekelia
43%
Aucun quiz correspondant
Distribution des résultats
% des personnes avec chaque résultat
Percentile par nombre de réponses
Votre historique - résultats
Vous n’avez pas pris ce quiz